[Event "XXXIII Miedzynarodowy Turniej Szachowy o Puchar Wojewody Dolnoslaskiego"]
[Site "Legnica"]
[Date "1899-12-30"]
[Round "6.2"]
[White "Tomczak, Mikolaj"]
[Black "Cyborowski, Lukasz"]
[Result "1/2-1/2"]
[WhiteTitle "FM"]
[BlackTitle "GM"]
[WhiteElo "2372"]
[BlackElo "2514"]

1. d4 Nf6 2. c4 e6 3. Nc3 d5 4. Bg5 Be7 5. cxd5 Nxd5 6. Bxe7 Qxe7 7. Rc1 O-O 8.
Nf3 Rd8 9. e3 Nf6 10. Qc2 Nbd7 11. e4 c5 12. e5 Nd5 13. Nxd5 exd5 14. Bd3 cxd4
15. O-O Nxe5 16. Bxh7+ Kh8 17. Nxe5 Qxe5 18. Rfe1 Qg5 19. Bd3 Bg4 20. Qa4 Qf4
21. h3 Be6 22. Bf1 Bd7 23. Qb4 a5 24. Qb6 Bc6 25. Red1 d3 26. Rc3 Qb4 27. Rb3
Qxb6 28. Rxb6 d4 29. Bxd3 Rac8 30. f3 g6 31. Kf2 Kg7 32. Rc1 Bd5 33. Rxc8 Rxc8
34. a3 Bc6 35. Ke2 Kf6 36. Be4 Ke5 37. Kd3 Kf4 38. Bxc6 bxc6 39. Kxd4 Kg3 40.
b4 axb4 41. axb4 Kxg2 42. Kc5 Kxf3 43. Rxc6 Rg8 44. b5 Kg3 45. b6 1/2-1/2

[Event "XXXIII Miedzynarodowy Turniej Szachowy o Puchar Wojewody Dolnoslaskiego"]
[Site "Legnica"]
[Date "1899-12-30"]
[Round "6.3"]
[White "Simantsev, Mikhail"]
[Black "Kislinsky, Alexey"]
[Result "1/2-1/2"]
[WhiteTitle "GM"]
[BlackTitle "GM"]
[WhiteElo "2490"]
[BlackElo "2513"]

1. d4 Nf6 2. c4 c5 3. d5 e6 4. Nc3 exd5 5. cxd5 d6 6. Nf3 g6 7. g3 Bg7 8. Bg2 O-O
9. O-O Re8 10. Bf4 a6 11. a4 Bf5 12. Nh4 Bc8 13. Nf3 Bf5 14. Nh4 Bc8 15. Nf3 Bf5
16. Nh4 1/2-1/2

[Event "XXXIII Miedzynarodowy Turniej Szachowy o Puchar Wojewody Dolnoslaskiego"]
[Site "Legnica"]
[Date "1899-12-30"]
[Round "6.4"]
[White "Simacek, Pavel"]
[Black "Czarnota, Pawel"]
[Result "1/2-1/2"]
[WhiteTitle "IM"]
[BlackTitle "GM"]
[WhiteElo "2490"]
[BlackElo "2556"]

1. e4 c5 2. Nf3 e6 3. d4 cxd4 4. Nxd4 Nc6 5. Nc3 d6 6. g3 Nf6 7. Bg2 Bd7 8. O-O
Be7 9. Re1 O-O 10. Nxc6 Bxc6 11. Be3 Qc7 12. a4 a6 13. a5 Rac8 14. Bb6 Qb8 15.
Nd5 exd5 16. exd5 Nxd5 17. Bxd5 Bf6 18. c3 Bxd5 19. Qxd5 Rfe8 20. Rad1 Rc6 21.
Qf5 Rxe1+ 22. Rxe1 Qc8 23. Kg2 h6 24. Qe4 g6 25. Qf4 Kg7 26. Bd4 Qd8 27. Bb6 Qd7
28. Bd4 Qd8 29. Re3 Bxd4 30. Qxd4+ Qf6 31. Qd5 Rc5 32. Qxb7 Rxa5 33. Rf3 Qe6 1/2-1/2

[Event "XXXIII Miedzynarodowy Turniej Szachowy o Puchar Wojewody Dolnoslaskiego"]
[Site "Legnica"]
[Date "1899-12-30"]
[Round "6.5"]
[White "Grela, Kacper"]
[Black "Kriebel, Tadeas"]
[Result "0-1"]
[WhiteTitle "FM"]
[BlackTitle "IM"]
[WhiteElo "2293"]
[BlackElo "2515"]

1. e4 e5 2. Nf3 Nc6 3. Bb5 a6 4. Ba4 Nf6 5. O-O Be7 6. Re1 b5 7. Bb3 d6 8. c3 O-O
9. h3 Na5 10. Bc2 c5 11. d4 Qc7 12. Nbd2 Nc6 13. d5 Nd8 14. b3 Ne8 15. Nf1 g6
16. a4 Rb8 17. axb5 axb5 18. Ng3 Ng7 19. Bh6 f6 20. Qd2 Nf7 21. Nh2 Bd7 22. Ng4
Ra8 23. Bxg7 Kxg7 24. Ne3 Kh8 25. Bd3 Qb7 26. Qb2 Rfb8 27. Rxa8 Rxa8 28. Ra1 Bf8
29. Ra2 h5 30. Qa1 Rxa2 31. Qxa2 Bh6 32. Ngf1 h4 33. Qa5 Kg7 34. Kh1 Bf4 35. Kg1
Qb8 36. f3 Ng5 37. Qa6 Nf7 38. Qa5 Kh6 39. Qa6 Kg5 40. Nc2 f5 41. Qa5 Kh6 42.
Na3 fxe4 43. fxe4 Ng5 44. Nxb5 Bxb5 45. Bxb5 Nxe4 46. Bd3 Nf6 47. Bc4 e4 48. Qa2
e3 49. Qe2 Qe8 50. b4 cxb4 51. cxb4 Qe4 52. b5 Qd4 53. Bb3 Ne4 54. Qc4 Qc5 55.
Kh1 e2 56. Qxe2 Nf2+ 0-1

[Event "XXXIII Miedzynarodowy Turniej Szachowy o Puchar Wojewody Dolnoslaskiego"]
[Site "Legnica"]
[Date "1899-12-30"]
[Round "7.1"]
[White "Kriebel, Tadeas"]
[Black "Teclaf, Pawel"]
[Result "1-0"]
[WhiteTitle "IM"]
[BlackTitle "CM"]
[WhiteElo "2515"]
[BlackElo "2393"]

1. e4 c5 2. Nf3 d6 3. d4 cxd4 4. Nxd4 Nf6 5. Nc3 a6 6. Be2 e6 7. Be3 Be7 8. f4
O-O 9. g4 Nc6 10. g5 Nd7 11. h4 Nxd4 12. Qxd4 e5 13. Qd2 exf4 14. Bxf4 Ne5 15.
O-O-O Be6 16. Nd5 Bxd5 17. exd5 Ng6 18. Be3 Rc8 19. Kb1 Ne5 20. h5 Qc7 21. Bd4
Rfe8 22. Rdg1 Bf8 23. g6 f5 24. gxh7+ Kxh7 25. Bd1 Qc4 26. h6 g6 27. Bxe5 Rxe5
28. Qg2 1-0

[Event "XXXIII Miedzynarodowy Turniej Szachowy o Puchar Wojewody Dolnoslaskiego"]
[Site "Legnica"]
[Date "1899-12-30"]
[Round "7.2"]
[White "Czarnota, Pawel"]
[Black "Grela, Kacper"]
[Result "1-0"]
[WhiteTitle "GM"]
[BlackTitle "FM"]
[WhiteElo "2556"]
[BlackElo "2293"]

1. e4 e5 2. Nf3 Nf6 3. Nxe5 d6 4. Nf3 Nxe4 5. Nc3 Nxc3 6. dxc3 Be7 7. Bf4 Nc6 8.
Qd2 Be6 9. O-O-O Qd7 10. Kb1 a6 11. Be2 O-O-O 12. Ng5 Bxg5 13. Bxg5 f6 14. Bf4
Rhe8 15. Rhe1 Kb8 16. b3 Qf7 17. Bg3 Qg8 18. Kb2 Re7 19. Bf1 Rde8 20. f3 Bf7 21.
Rxe7 Rxe7 22. c4 Qe8 23. Bf2 Rd7 24. Qc3 Qe5 25. Bg3 Qc5 26. Qd3 Bg6 27. Qd5 Re7
28. a3 a5 29. Qd2 Re8 30. Qf2 Re7 31. Rd5 Qxf2 32. Bxf2 b6 33. Kc3 Kb7 34. Rd1
Re5 35. h3 Re7 36. Kd2 Kc8 37. g3 Kd7 38. Kc3 Kc8 39. b4 Kb7 40. Rb1 axb4+ 41.
axb4 Ne5 42. f4 Nd7 43. g4 c6 44. c5 dxc5 45. bxc5 b5 46. Kd2 Kc7 47. Ra1 Bf7
48. Bg2 Bc4 49. Bf3 Kb7 50. Kc3 Nb8 51. Rd1 Kc7 52. Rd6 Rd7 53. f5 Rxd6 54. Bg3
Nd7 55. Bxd6+ Kb7 56. Kd4 Bf1 57. h4 Bc4 58. g5 Bf7 59. c3 Be8 60. Ke4 Bf7 61.
Kf4 h6 62. Kg4 hxg5 63. hxg5 Bg8 64. gxf6 Nxf6+ 65. Kg5 Bf7 66. Be5 Nh7+ 67. Kf4
Nf6 68. Bd1 Nd7 69. Bxg7 Nxc5 70. Ke5 Kc7 71. Kf6 Bd5 72. Ke7 Ne4 73. Be5+ Kc8
74. f6 Ng5 75. Bd4 Ne4 76. Bc2 Ng5 77. Be3 Nf7 78. Bg6 Ne5 79. Be8 Kb7 80. f7
Nxf7 81. Bxf7 Bg2 82. Bc5 Bf3 83. Kd6 Bg2 84. Bg6 Bd5 85. Ke5 Kc7 86. Be4 Bg8
87. Bb4 Bf7 88. Ba5+ Kb7 89. Kd6 Be8 90. Bb4 Kb6 91. Bf3 Kb7 92. Bc5 Ka6 93. Kc7
b4 94. cxb4 Kb5 95. Be4 Ka6 96. Bd3# 1-0

[Event "XXXIII Miedzynarodowy Turniej Szachowy o Puchar Wojewody Dolnoslaskiego"]
[Site "Legnica"]
[Date "1899-12-30"]
[Round "7.3"]
[White "Kislinsky, Alexey"]
[Black "Simacek, Pavel"]
[Result "0-1"]
[WhiteTitle "GM"]
[BlackTitle "IM"]
[WhiteElo "2513"]
[BlackElo "2490"]

1. e4 e5 2. Nf3 Nc6 3. Bc4 Bc5 4. b4 Bxb4 5. c3 Ba5 6. d4 exd4 7. O-O d3 8. Qb3
Qf6 9. e5 Qg6 10. Rd1 d2 11. Nbxd2 Nge7 12. Nf1 b5 13. Bd3 Qe6 14. Qc2 Nxe5 15.
Nxe5 Qxe5 16. Bb2 Bb7 17. Re1 Qg5 18. Ng3 O-O-O 19. a4 Ng6 20. axb5 Bb6 21. c4
d6 22. Ne4 Qh5 23. Be2 Qh4 24. Bf3 Rhe8 25. c5 dxc5 26. Nxc5 Bxf3 27. Qf5+ Re6
28. Rxe6 Qg4 29. Re5+ Qxf5 30. Rxf5 Bxg2 31. Na4 f6 32. Nxb6+ axb6 33. Rh5 h6
34. Re1 Bb7 35. Rh3 Nf4 36. Rb3 Rd5 37. h4 Rh5 38. Re8+ Kd7 39. Rg8 Ne6 40. Ba3
Rxh4 41. Rd3+ Nd4 42. f4 Rg4+ 43. Kf2 Rxf4+ 44. Ke3 Re4+ 45. Kd2 Ke6 46. Rb8 Bd5
47. Rd8 Nxb5 48. Re8+ Kf7 49. Rf8+ Kg6 50. Bb2 Be6 51. Rg3+ Bg4 52. Kd3 Rb4 53.
Rg2 h5 54. Rh8 c5 55. Rb8 c4+ 56. Kc2 Nc7 57. Bd4 Nd5 58. Rd8 Nf4 0-1

[Event "XXXIII Miedzynarodowy Turniej Szachowy o Puchar Wojewody Dolnoslaskiego"]
[Site "Legnica"]
[Date "1899-12-30"]
[Round "7.4"]
[White "Cyborowski, Lukasz"]
[Black "Simantsev, Mikhail"]
[Result "1-0"]
[WhiteTitle "GM"]
[BlackTitle "GM"]
[WhiteElo "2514"]
[BlackElo "2490"]

1. c4 Nf6 2. Nc3 e5 3. Nf3 Nc6 4. a3 d5 5. cxd5 Nxd5 6. d3 Be7 7. g3 O-O 8. Bg2
Be6 9. O-O Qd7 10. Bd2 Rfd8 11. Rc1 Nxc3 12. Bxc3 f6 13. Nd2 Bd5 14. Qa4 Bxg2
15. Kxg2 Qd5+ 16. Qe4 Rac8 17. f4 Qxe4+ 18. Nxe4 Nd4 19. fxe5 fxe5 20. e3 Nc6
21. Rfd1 Rd7 22. Kf3 Rcd8 23. Ke2 Kf7 24. b4 a6 25. Bb2 Ke6 26. Rc4 Na7 27. Rc5
Nc6 28. b5 Bxc5 29. Nxc5+ Kd5 30. bxc6 1-0

[Event "XXXIII Miedzynarodowy Turniej Szachowy o Puchar Wojewody Dolnoslaskiego"]
[Site "Legnica"]
[Date "1899-12-30"]
[Round "7.5"]
[White "Sieciechowicz, Marcin"]
[Black "Tomczak, Mikolaj"]
[Result "1/2-1/2"]
[WhiteTitle "IM"]
[BlackTitle "FM"]
[WhiteElo "2387"]
[BlackElo "2372"]

1. d4 d5 2. c4 dxc4 3. e3 a6 4. Bxc4 e6 5. Nf3 c5 6. O-O Nf6 7. Nc3 b5 8. Be2 Bb7
9. a3 Nbd7 10. dxc5 Bxc5 11. b4 Be7 12. Bb2 O-O 13. Qb3 Qb6 14. Nd4 Nd5 15. Bf3
Nxc3 16. Bxc3 Rac8 17. Rfd1 Rc7 18. Bb2 Bf6 19. Bxb7 Qxb7 20. a4 bxa4 21. Qxa4
Ra8 22. b5 Nb6 23. bxa6 Nxa4 24. axb7 Rxb7 25. Bc3 Rbb8 26. Be1 Nb2 27. Rxa8 Rxa8
28. Rd2 Nc4 29. Rd1 Rd8 30. Rc1 Bxd4 31. Rxc4 1/2-1/2

[Event "XXXIII Miedzynarodowy Turniej Szachowy o Puchar Wojewody Dolnoslaskiego"]
[Site "Legnica"]
[Date "1899-12-30"]
[Round "8.1"]
[White "Teclaf, Pawel"]
[Black "Tomczak, Mikolaj"]
[Result "1-0"]
[WhiteTitle "CM"]
[BlackTitle "FM"]
[WhiteElo "2393"]
[BlackElo "2372"]

1. e4 e6 2. d4 d5 3. Nd2 Nf6 4. e5 Nfd7 5. Bd3 c5 6. c3 Nc6 7. Ne2 Qb6 8. O-O cxd4
9. cxd4 Nxd4 10. Nxd4 Qxd4 11. Nf3 Qb6 12. Qa4 Be7 13. Qg4 g6 14. Rb1 Qb4 15.
Qh3 h5 16. Be3 Qg4 17. Qg3 Nc5 18. Bc2 Bd7 19. Rbc1 Qxg3 20. fxg3 Na6 21. a3 Nb8
22. Nd4 O-O 23. Bd3 Nc6 24. Nxc6 bxc6 25. Ba6 Rab8 26. b4 f6 27. exf6 Rxf6 28.
Bf4 Rbf8 29. Rfe1 Bd8 30. Kh1 Bb6 31. Red1 R8f7 32. Bd3 Kh7 33. Ba6 h4 34. Bd3
hxg3 35. Bxg3 a5 36. Rb1 Kh6 37. Be5 Rf2 38. bxa5 Bxa5 39. Bd4 Ra2 40. Rb8 Rxa3
41. Rh8+ Rh7 42. Rg8 Rxd3 43. Rxd3 e5 44. Bxe5 Bf5 45. Bf4+ Kh5 46. Rg3 Bb4 47.
Rb8 Be7 48. Rb7 g5 49. Be5 Kg6 50. Rc7 c5 51. Ra3 Bf8 52. Rc6+ Kh5 53. Rf6 Rb7
54. Ra1 1-0

[Event "XXXIII Miedzynarodowy Turniej Szachowy o Puchar Wojewody Dolnoslaskiego"]
[Site "Legnica"]
[Date "1899-12-30"]
[Round "8.2"]
[White "Simantsev, Mikhail"]
[Black "Sieciechowicz, Marcin"]
[Result "1/2-1/2"]
[WhiteTitle "GM"]
[BlackTitle "IM"]
[WhiteElo "2490"]
[BlackElo "2387"]

1. d4 d5 2. c4 c6 3. Nc3 Nf6 4. e3 e6 5. Nf3 Nbd7 6. Qc2 Bd6 7. b3 O-O 8. Be2 b6
9. O-O Bb7 10. Bb2 Qe7 11. Rfd1 Ba3 12. Rac1 Bxb2 13. Qxb2 Rfd8 14. Bd3 h6 15.
Qe2 c5 16. cxd5 Nxd5 17. Nxd5 Bxd5 18. Ba6 Bxf3 19. Qxf3 cxd4 20. Rxd4 Nf6 21.
Rcd1 Rab8 22. Qg3 Ra8 23. Qf3 Rab8 24. Qg3 Ra8 25. Qf3 Rab8 1/2-1/2

[Event "XXXIII Miedzynarodowy Turniej Szachowy o Puchar Wojewody Dolnoslaskiego"]
[Site "Legnica"]
[Date "1899-12-30"]
[Round "8.3"]
[White "Simacek, Pavel"]
[Black "Cyborowski, Lukasz"]
[Result "1/2-1/2"]
[WhiteTitle "IM"]
[BlackTitle "GM"]
[WhiteElo "2490"]
[BlackElo "2514"]

1. e4 e5 2. Nf3 Nf6 3. Nc3 Nc6 4. Bb5 Bd6 5. a3 O-O 6. d3 a6 7. Bc4 Be7 8. h3 d6
9. Be3 Be6 10. Bxe6 fxe6 11. d4 exd4 12. Nxd4 Nxd4 13. Qxd4 c5 14. Qd3 d5 15.
Bg5 Nd7 16. Bxe7 Qxe7 17. O-O d4 18. Ne2 Ne5 19. Qg3 Nc4 20. Qd3 Ne5 21. Qg3 Nc4
22. Qd3 Ne5 23. Qg3 1/2-1/2

[Event "XXXIII Miedzynarodowy Turniej Szachowy o Puchar Wojewody Dolnoslaskiego"]
[Site "Legnica"]
[Date "1899-12-30"]
[Round "8.4"]
[White "Grela, Kacper"]
[Black "Kislinsky, Alexey"]
[Result "0-1"]
[WhiteTitle "FM"]
[BlackTitle "GM"]
[WhiteElo "2293"]
[BlackElo "2513"]

1. e4 c5 2. c3 g6 3. d4 cxd4 4. cxd4 d5 5. e5 Nc6 6. Nc3 a6 7. Bf4 Bg7 8. Qd2 f6
9. Nf3 Bg4 10. exf6 Nxf6 11. Ne5 O-O 12. f3 Be6 13. g4 Nd7 14. Nxc6 bxc6 15. O-O-O
c5 16. dxc5 d4 17. Ne4 Bxa2 18. b4 Bd5 19. Bh6 e5 20. Bxg7 Kxg7 21. Qc2 Rxf3 22.
Bg2 Bxe4 23. Qxe4 Rc3+ 24. Kb2 Rb8 25. Rxd4 Rxc5 26. Rhd1 exd4 27. Rxd4 Qf6 28.
Ka3 Rc3+ 29. Kb2 Rc4 0-1

[Event "XXXIII Miedzynarodowy Turniej Szachowy o Puchar Wojewody Dolnoslaskiego"]
[Site "Legnica"]
[Date "1899-12-30"]
[Round "8.5"]
[White "Kriebel, Tadeas"]
[Black "Czarnota, Pawel"]
[Result "0-1"]
[WhiteTitle "IM"]
[BlackTitle "GM"]
[WhiteElo "2515"]
[BlackElo "2556"]

1. e4 c5 2. Nf3 d6 3. d4 cxd4 4. Nxd4 Nf6 5. Nc3 Nc6 6. Bg5 e6 7. Qd2 a6 8. O-O-O
Bd7 9. f3 Be7 10. h4 h6 11. Be3 h5 12. Bg5 Nxd4 13. Qxd4 Qc7 14. Kb1 b5 15. Qd2
b4 16. Ne2 a5 17. Nd4 Rb8 18. g3 a4 19. Bh3 O-O 20. g4 hxg4 21. Bxg4 a3 22. Rhg1
Rfc8 23. Qg2 axb2 24. Bh6 Kf8 25. Bxg7+ Ke8 26. Bh3 Ra8 27. Bxf6 Bxf6 28. Nf5
exf5 29. exf5 Kd8 30. Qh2 Be5 31. Rg8+ Be8 32. Qd2 Qc4 33. Qg5+ Kc7 0-1

[Event "XXXIII Miedzynarodowy Turniej Szachowy o Puchar Wojewody Dolnoslaskiego"]
[Site "Legnica"]
[Date "1899-12-30"]
[Round "9.1"]
[White "Czarnota, Pawel"]
[Black "Teclaf, Pawel"]
[Result "1/2-1/2"]
[WhiteTitle "GM"]
[BlackTitle "CM"]
[WhiteElo "2556"]
[BlackElo "2393"]

1. Nf3 c5 2. c4 b6 3. g3 Bb7 4. Bg2 e6 5. O-O Nf6 6. Nc3 Be7 7. d4 cxd4 8. Qxd4
d6 9. Rd1 a6 10. b3 Nbd7 11. Bb2 O-O 12. h3 Qc7 13. Rac1 Rac8 14. e4 Qb8 15. Qe3
b5 16. cxb5 axb5 17. Ba3 b4 18. Bxb4 Bxe4 19. a3 Bb7 20. Nd4 Bxg2 21. Kxg2 Ne5
22. Ndb5 Rfd8 23. Nxd6 Bxd6 24. Bxd6 Rxd6 25. Qxe5 Qb7+ 26. Kh2 Rxd1 27. Rxd1
Qxb3 28. Qc7 Re8 29. Rd8 Qxa3 30. Ne4 Rxd8 1/2-1/2

[Event "XXXIII Miedzynarodowy Turniej Szachowy o Puchar Wojewody Dolnoslaskiego"]
[Site "Legnica"]
[Date "1899-12-30"]
[Round "9.2"]
[White "Kislinsky, Alexey"]
[Black "Kriebel, Tadeas"]
[Result "1-0"]
[WhiteTitle "GM"]
[BlackTitle "IM"]
[WhiteElo "2513"]
[BlackElo "2515"]

1. e4 e5 2. Nf3 Nc6 3. Bc4 Nf6 4. d4 exd4 5. e5 d5 6. Bb5 Ne4 7. Nxd4 Bc5 8. Be3
Bd7 9. Bxc6 bxc6 10. Nd2 Qe7 11. Nxe4 dxe4 12. e6 fxe6 13. Qh5+ g6 14. Qe5 O-O
15. O-O-O Bd6 16. Qxe4 c5 17. Nf3 Rab8 18. Bd2 Rf5 19. Bc3 Rf4 20. Qe3 Rbf8 21.
Ne5 Rxf2 22. g3 Bb5 23. Ng4 R8f3 24. Qe4 Rxc3 25. Nxf2 Rc4 26. Qe3 Ra4 27. a3
Bc6 28. Rhe1 e5 29. h3 Qf7 30. Ng4 Qa2 31. Qb3+ Qxb3 32. cxb3 Rxg4 33. hxg4 Bf3
34. g5 e4 35. Rxd6 cxd6 36. Kd2 Kf7 37. b4 cxb4 38. axb4 Ke6 39. Ra1 d5 40. Rxa7
d4 41. Rxh7 Bg2 42. b5 e3+ 43. Ke2 Kd6 44. b6 Bc6 45. b7 1-0

[Event "XXXIII Miedzynarodowy Turniej Szachowy o Puchar Wojewody Dolnoslaskiego"]
[Site "Legnica"]
[Date "1899-12-30"]
[Round "9.3"]
[White "Cyborowski, Lukasz"]
[Black "Grela, Kacper"]
[Result "1/2-1/2"]
[WhiteTitle "GM"]
[BlackTitle "FM"]
[WhiteElo "2514"]
[BlackElo "2293"]

1. d4 d5 2. Nf3 Nf6 3. c4 e6 4. g3 Bd7 5. cxd5 exd5 6. Qb3 Nc6 7. Bg2 Bg4 8. Nc3
Bb4 9. O-O O-O 10. Bg5 Bxc3 11. bxc3 Na5 12. Qa4 b6 13. Ne5 Be6 14. e4 dxe4 15.
Bxe4 Qe8 16. Qxe8 Raxe8 17. Bg2 Rc8 18. Bxf6 gxf6 19. Nd3 Bc4 20. Rfd1 Bxd3 21.
Rxd3 Rfe8 22. Rf3 Kg7 23. Rf4 c5 24. Re4 Kf8 25. Rf4 Kg7 26. Bh3 Rc7 27. Rd1 Nc4
28. Rg4+ Kf8 29. Rf4 Kg7 30. Rg4+ Kf8 31. Rf4 Kg7 1/2-1/2

[Event "XXXIII Miedzynarodowy Turniej Szachowy o Puchar Wojewody Dolnoslaskiego"]
[Site "Legnica"]
[Date "1899-12-30"]
[Round "9.4"]
[White "Sieciechowicz, Marcin"]
[Black "Simacek, Pavel"]
[Result "1/2-1/2"]
[WhiteTitle "IM"]
[BlackTitle "IM"]
[WhiteElo "2387"]
[BlackElo "2490"]

1. d4 d5 2. c4 dxc4 3. e3 e5 4. Bxc4 exd4 5. exd4 Bd6 6. Nf3 Nf6 7. O-O O-O 8.
Nc3 Nc6 9. h3 h6 10. Qc2 Nb4 11. Qb1 Be6 12. Bxe6 fxe6 13. a3 Nbd5 14. Re1 Qe8
15. Qd3 Qf7 16. Bd2 Nh5 17. Qe4 Nhf4 18. Bxf4 Nxf4 19. Re3 Nd5 20. Re2 Nf4 21.
Re3 Nd5 22. Re2 Nf4 23. Re3 1/2-1/2

[Event "XXXIII Miedzynarodowy Turniej Szachowy o Puchar Wojewody Dolnoslaskiego"]
[Site "Legnica"]
[Date "1899-12-30"]
[Round "9.5"]
[White "Tomczak, Mikolaj"]
[Black "Simantsev, Mikhail"]
[Result "1/2-1/2"]
[WhiteTitle "FM"]
[BlackTitle "GM"]
[WhiteElo "2372"]
[BlackElo "2490"]

1. d4 Nf6 2. c4 e6 3. Nc3 Bb4 4. Qc2 O-O 5. a3 Bxc3+ 6. Qxc3 d5 7. Bg5 dxc4 8.
Qxc4 b6 9. Nf3 Ba6 10. Qa4 Qd7 11. Qc2 c5 12. Bxf6 gxf6 13. dxc5 Rc8 14. Qe4 Qb5
15. b4 bxc5 16. e3 Qb6 17. bxc5 Qa5+ 18. Qb4 Qxc5 19. Qxc5 Rxc5 20. Bxa6 Nxa6
21. Nd4 Nc7 22. Ke2 Nb5 23. Nxb5 Rxb5 24. Rhd1 Rc8 25. Rh1 Ra8 26. Rhd1 Rc8 27.
Rh1 Ra8 1/2-1/2